|
|
|
|
| LEADER |
03169nam a2200517 4500 |
| 001 |
978-3-319-47277-5 |
| 003 |
DE-He213 |
| 005 |
20191023172010.0 |
| 007 |
cr nn 008mamaa |
| 008 |
170818s2018 gw | s |||| 0|eng d |
| 020 |
|
|
|a 9783319472775
|9 978-3-319-47277-5
|
| 024 |
7 |
|
|a 10.1007/978-3-319-47277-5
|2 doi
|
| 040 |
|
|
|d GrThAP
|
| 050 |
|
4 |
|a LB2801-3095
|
| 072 |
|
7 |
|a JNK
|2 bicssc
|
| 072 |
|
7 |
|a EDU001000
|2 bisacsh
|
| 072 |
|
7 |
|a JNK
|2 thema
|
| 082 |
0 |
4 |
|a 371.2
|2 23
|
| 100 |
1 |
|
|a Saitis, Christos.
|e author.
|4 aut
|4 http://id.loc.gov/vocabulary/relators/aut
|
| 245 |
1 |
0 |
|a Initiation of Educators into Educational Management Secrets
|h [electronic resource] /
|c by Christos Saitis, Anna Saiti.
|
| 250 |
|
|
|a 1st ed. 2018.
|
| 264 |
|
1 |
|a Cham :
|b Springer International Publishing :
|b Imprint: Springer,
|c 2018.
|
| 300 |
|
|
|a XVII, 219 p. 7 illus., 3 illus. in color.
|b online resource.
|
| 336 |
|
|
|a text
|b txt
|2 rdacontent
|
| 337 |
|
|
|a computer
|b c
|2 rdamedia
|
| 338 |
|
|
|a online resource
|b cr
|2 rdacarrier
|
| 347 |
|
|
|a text file
|b PDF
|2 rda
|
| 505 |
0 |
|
|a Chapter 1.Basic Dimensions of School Leadership -- Chapter 2.The function of planning and programming -- Chapter 3.Decision making and problem solving -- Chapter 4.Leadership and Leaders -- Chapter 5.Communication in the field of education -- Chapter 6.Conflict Resolution and Complaint Management at School -- Chapter 7.Practical strategies for the Teachers' Council operation -- Chapter 8.Dimensions of School Management Leadership -- Chapter 9.Control Process in Education._ Chapter 10.Crisis management at school.
|
| 520 |
|
|
|a This book provides a comprehensive method for learning modern management processes, and applying those methods to improve leadership in educational settings. The authors include case studies and techniques to solve a variety of managerial problems so that members of the educational community may improve their abilities and skills in a range of related disciples, including: strategic planning, effective decision making, time management, management conflict strategies, oral communication, management strategies for school crises, and the development of good relations and a cooperative spirit.
|
| 650 |
|
0 |
|a School management and organization.
|
| 650 |
|
0 |
|a School administration.
|
| 650 |
|
0 |
|a Learning.
|
| 650 |
|
0 |
|a Instruction.
|
| 650 |
|
0 |
|a Teaching.
|
| 650 |
1 |
4 |
|a Administration, Organization and Leadership.
|0 http://scigraph.springernature.com/things/product-market-codes/O17000
|
| 650 |
2 |
4 |
|a Learning & Instruction.
|0 http://scigraph.springernature.com/things/product-market-codes/O22000
|
| 650 |
2 |
4 |
|a Teaching and Teacher Education.
|0 http://scigraph.springernature.com/things/product-market-codes/O31000
|
| 700 |
1 |
|
|a Saiti, Anna.
|e author.
|4 aut
|4 http://id.loc.gov/vocabulary/relators/aut
|
| 710 |
2 |
|
|a SpringerLink (Online service)
|
| 773 |
0 |
|
|t Springer eBooks
|
| 776 |
0 |
8 |
|i Printed edition:
|z 9783319472768
|
| 776 |
0 |
8 |
|i Printed edition:
|z 9783319472782
|
| 776 |
0 |
8 |
|i Printed edition:
|z 9783319836973
|
| 856 |
4 |
0 |
|u https://doi.org/10.1007/978-3-319-47277-5
|z Full Text via HEAL-Link
|
| 912 |
|
|
|a ZDB-2-EDA
|
| 950 |
|
|
|a Education (Springer-41171)
|